000 00386nam a2200157Ia 4500
008 230917s9999||||xx |||||||||||||| ||und||
020 _cRS0.45
040 _e13208
_aMAIN
041 _aEnglish
082 _a519.5 P974F
100 _aPuri, V K
245 0 _aFundamentals of statistical methods
260 _aNew Delhi
_bAllied Publishers
_c1986
300 _axv, 476 p.
942 _cBK
999 _c61181
_d61181